000
00294nam a2200133Ia 4500
008
190216s9999||||xx |||||||||||||| ||und||
100
_a
R.K Sharma
245
0
_a
Management Accounting
250
_a
2nd Ed.
260
_b
Kalyani Pub
_c
2001
300
_a
608p
650
_a
Commerce
942
_c
BK
999
_c
5610
_d
5610